Estadísticas para Posesiones Francesas de Ultramar

Haz click aquí para intentar la prueba.

Estadísticas generales

  • Esta prueba ha sido intentada 38 veces
  • La puntuación promedio es 7 de 13

Estadísticas de respuestas

% Correcto
La Reunión
81%
Polinesia Francesa
81%
Martinica
78%
Nueva Caledonia
78%
San Martín
74%
Guayana Francesa
70%
Mayotte
70%
San Bartolomé
44%
San Pedro y Miquelón
44%
Wallis y Futuna
33%
Guadelupe
11%
Isla Clipperton
11%
Tierras Australes y Antárticas Francesas (TAAF)
7%

Distribución de puntuación

Porcentaje por número respondido

Porcentaje de gente con cada puntuación

Historial de tus puntuaciones

No has intentado esta prueba.